[Event "zonal 3.1"]
[Site "Madras IND"]
[Date "1995.04.??"]
[Round "5"]
[White "Murshed, Niaz"]
[Black "Barua, Dibyendu"]
[Result "1/2-1/2"]
[WhiteElo "2520"]
[BlackElo "2515"]
[EventDate "1995.04.15"]
[PlyCount "117"]

1.d4 d5 2.c4 c6 3.Nc3 Nf6 4.e3 Bf5 5.cxd5 Nxd5 6.Bc4 e6 7.Nge2 Be7 8.O-O 
O-O 9.e4 Nxc3 10.Nxc3 Bg6 11.Be3 a6 12.Bd3 b5 13.f4 f5 14.exf5 exf5 15.a4 
Nd7 16.axb5 axb5 17.Rxa8 Qxa8 18.d5 cxd5 19.Bxb5 Nf6 20.Bd4 Ne4 21.Qa4 
Qxa4 22.Bxa4 Bf7 23.Bc6 Rd8 24.Ra1 Bf6 25.Ne2 Be7 26.Ra8 Rxa8 27.Bxa8 Kf8 
28.Nc1 Nc5 29.Kf1 Ne6 30.Be5 d4 31.Bd5 g5 32.g3 gxf4 33.gxf4 Bc5 34.Nd3 
Bb6 35.Bd6+ Kg7 36.b4 Nc7 37.Be5+ Kf8 38.Bxf7 Kxf7 39.Ke2 Ke6 40.Nb2 Nb5 
41.Nc4 Bd8 42.Kd3 Kd5 43.Nd2 Be7 44.Nf3 Bxb4 45.Nh4 Bd6 46.Bg7 Bxf4 47.
Nxf5 Bxh2 48.Nxd4 Nd6 49.Bh6 Nf7 50.Nf3 Bg3 51.Bc1 h5 52.Ke2 Nd6 53.Kf1 
Ke4 54.Kg2 Nf5 55.Ng5+ Kd3 56.Nh3 Bd6 57.Bg5 Ng7 58.Nf4+ Ke4 59.Bf6 
1/2-1/2

[Event "zonal 3.1"]
[Site "Madras IND"]
[Date "1995.04.??"]
[Round "5"]
[White "Prasad, Devaki"]
[Black "Al-Hadarani, Hatim"]
[Result "1-0"]
[WhiteElo "2460"]
[BlackElo "2370"]
[EventDate "1995.04.15"]
[PlyCount "111"]

1.e4 e6 2.d4 d5 3.Nc3 Bb4 4.e5 c5 5.Bd2 a6 6.Qg4 Ne7 7.dxc5 Nbc6 8.Qxg7 
Rg8 9.Qxh7 Nxe5 10.O-O-O Bd7 11.Nh3 Qc7 12.f4 N5g6 13.Qh5 O-O-O 14.Bd3 Bc6
15.Qe2 Bxc3 16.Bxc3 Nxf4 17.Nxf4 Qxf4+ 18.Bd2 Qa4 19.a3 d4 20.Rhg1 Rd5 21.
Rdf1 Be8 22.Bb4 Qd7 23.Be4 Rdg5 24.g4 Qc7 25.h4 Re5 26.Qf3 a5 27.Bd2 Rxc5 
28.Kb1 Nd5 29.Bxd5 Rxd5 30.h5 Rc5 31.Rc1 Qb6 32.h6 e5 33.c3 Bc6 34.Qxf7 
Bd5 35.Qf5+ Be6 36.Qc2 d3 37.Qxd3 Qb3 38.Rce1 Rd8 39.Qc2 Qa2+ 40.Kc1 Bc4 
41.b4 Qxa3+ 42.Qb2 Qxb2+ 43.Kxb2 Rxd2+ 44.Kc1 Rcd5 45.h7 Rd8 46.h8=Q Rxh8 
47.Kxd2 Rh2+ 48.Ke3 Kd7 49.bxa5 Rh3+ 50.Kf2 Ke6 51.Rh1 Rd3 52.Rd1 Rxc3 53.
Rc1 Rxc1 54.Rxc1 Bd5 55.Ke3 Kf6 56.Rf1+ 1-0

[Event "zonal 3.1"]
[Site "Madras IND"]
[Date "1995.04.??"]
[Round "5"]
[White "Ramesh, Ramachandran"]
[Black "Babu, N. Sudhakar"]
[Result "0-1"]
[WhiteElo "2330"]
[BlackElo "2350"]
[EventDate "1995.04.15"]
[PlyCount "54"]

1.e4 e5 2.Nf3 Nc6 3.d4 exd4 4.Nxd4 Qh4 5.Nb5 Bb4+ 6.N1c3 Ba5 7.Be2 a6 8.
Nd4 Qxe4 9.Nxc6 Qxc6 10.O-O Bxc3 11.bxc3 Nf6 12.Bf3 d5 13.Ba3 Be6 14.Rb1 
Ne4 15.c4 Qxc4 16.Rxb7 Nc3 17.Qd2 Nb5 18.Be2 Qa4 19.Bc5 Kd7 20.c4 Kc6 21.
Rxc7+ Nxc7 22.Qf4 Kb7 23.Rb1+ Kc8 24.Bb6 Qc6 25.Ba5 Rb8 26.Rc1 dxc4 27.Bf3
Qc5 0-1

[Event "zonal 3.1"]
[Site "Madras IND"]
[Date "1995.04.??"]
[Round "5"]
[White "Wijesuriya, Godigamuwage Luxman"]
[Black "Momeni, Hadi"]
[Result "0-1"]
[WhiteElo "2185"]
[BlackElo "2300"]
[EventDate "1995.04.15"]
[PlyCount "76"]

1.Nf3 Nf6 2.d4 e6 3.Bg5 Be7 4.e3 c5 5.c3 d5 6.Nbd2 Nbd7 7.Bd3 b6 8.Bb5 a6 
9.Bc6 Ra7 10.Ne5 O-O 11.Nef3 Ne4 12.Bxe7 Qxe7 13.Ba4 Rc7 14.O-O b5 15.Bc2 
b4 16.dxc5 bxc3 17.b4 Ne5 18.Nxe5 Nxd2 19.Re1 Bb7 20.Qe2 Qh4 21.Qd3 Ne4 
22.Re2 Qh5 23.Nf3 e5 24.Ne1 Rc6 25.f3 Ng5 26.Qxc3 Rh6 27.g4 Qh3 28.Qxe5 
Qxf3 29.Nxf3 Nxf3+ 30.Kg2 Nxe5 31.Kg3 Bc8 32.h3 Rxh3+ 33.Kxh3 Bxg4+ 34.Kg3
Bxe2 35.a4 Rb8 36.Rb1 Nc6 37.Kf2 Bc4 38.e4 d4 0-1

[Event "zonal 3.1"]
[Site "Madras IND"]
[Date "1995.04.??"]
[Round "6"]
[White "Al-Hadarani, Hatim"]
[Black "Murshed, Niaz"]
[Result "0-1"]
[WhiteElo "2370"]
[BlackElo "2520"]
[EventDate "1995.04.15"]
[PlyCount "44"]

1.e4 d6 2.f4 e5 3.d4 exd4 4.Qxd4 Nc6 5.Bb5 Bd7 6.Qe3 Nf6 7.Nc3 g6 8.Nf3 
Bg7 9.O-O O-O 10.a3 Re8 11.Qd3 Nxe4 12.Nxe4 Bf5 13.Qb3 Bxe4 14.Ng5 d5 15.
Nxe4 Rxe4 16.Bd3 Na5 17.Qa2 Re8 18.f5 c5 19.fxg6 hxg6 20.Bb5 Re6 21.Bd2 c4
22.Rae1 Rxe1 0-1

[Event "zonal 3.1"]
[Site "Madras IND"]
[Date "1995.04.??"]
[Round "6"]
[White "Al-Sayed, Mohamad Naser"]
[Black "Wijesuriya, Godigamuwage Luxman"]
[Result "0-1"]
[WhiteElo "2000"]
[BlackElo "2185"]
[EventDate "1995.04.15"]
[PlyCount "90"]

1.e4 b6 2.d4 Bb7 3.Nc3 e6 4.Bd3 Nf6 5.Nge2 c5 6.O-O c4 7.Bxc4 Nxe4 8.Nxe4 
Bxe4 9.Ng3 Bb7 10.Qg4 g6 11.Bd3 Nc6 12.c3 h5 13.Qe2 Qc7 14.d5 Ne7 15.dxe6 
dxe6 16.Bg5 O-O-O 17.Bf6 Rg8 18.Be5 Qd7 19.Rfd1 Nc6 20.Bb5 Qe7 21.Bxc6 
Bxc6 22.Rxd8+ Kxd8 23.Rd1+ Kc8 24.Qc4 Qc5 25.Qf4 f5 26.b4 Qb5 27.Bb8 Rg7 
28.h4 Rb7 29.Be5 Rd7 30.Bd4 e5 31.Qg5 exd4 32.Qxg6 Kb7 33.cxd4 Qd5 34.Nxf5
Bxb4 35.Rc1 Rd8 36.Ne3 Qd6 37.Qxh5 Bd2 38.Rc2 Bxe3 39.fxe3 Qe7 40.Qh6 Rd6 
41.Qf4 Rf6 42.Qg5 Qf7 43.h5 Rf1+ 44.Kh2 Qc7+ 45.Qg3 Rh1+ 0-1

[Event "zonal 3.1"]
[Site "Madras IND"]
[Date "1995.04.??"]
[Round "6"]
[White "Babu, N. Sudhakar"]
[Black "Bin Sattar, Reefat"]
[Result "0-1"]
[WhiteElo "2350"]
[BlackElo "2430"]
[EventDate "1995.04.15"]
[PlyCount "62"]

1.d4 d5 2.c4 c6 3.Nc3 e6 4.Nf3 dxc4 5.e4 b5 6.Qc2 Bb7 7.Be2 Nd7 8.O-O Ngf6
9.e5 Nd5 10.Ne4 Qb6 11.a4 a6 12.b3 cxb3 13.Qxb3 h6 14.a5 Qa7 15.Ba3 b4 16.
Bb2 Be7 17.Nfd2 O-O 18.Bg4 c5 19.dxc5 Nxc5 20.Qg3 Rad8 21.Nd6 f5 22.exf6 
Bxd6 23.Qh3 Nxf6 24.Nc4 Nd3 25.Bxe6+ Kh8 26.Bc1 Bf4 27.Bf5 Nxf2 28.Qh4 
Nd3+ 29.Nb6 Bxc1 30.Bxd3 Be3+ 31.Kh1 Rxd3 0-1

[Event "zonal 3.1"]
[Site "Madras IND"]
[Date "1995.04.??"]
[Round "6"]
[White "Barua, Dibyendu"]
[Black "Prasad, Devaki"]
[Result "1-0"]
[WhiteElo "2515"]
[BlackElo "2460"]
[EventDate "1995.04.15"]
[PlyCount "63"]

1.e4 g6 2.d4 Bg7 3.Nc3 c6 4.Bc4 d6 5.Qf3 e6 6.Nge2 b5 7.Bb3 Bb7 8.h4 h5 9.
Bg5 Qc7 10.d5 cxd5 11.exd5 a6 12.Ne4 e5 13.Bd2 Nd7 14.a4 Ngf6 15.Nxf6+ 
Nxf6 16.axb5 axb5 17.Rxa8+ Bxa8 18.Qd3 O-O 19.Nc3 Rb8 20.O-O b4 21.Ne4 
Nxe4 22.Qxe4 f5 23.Qc4 Qxc4 24.Bxc4 e4 25.Ra1 Bxb2 26.Ra7 Be5 27.g3 Bd4 
28.Rd7 Be5 29.Bf4 Bxf4 30.gxf4 Bb7 31.Rxd6 Rc8 32.Bb3 1-0

[Event "zonal 3.1"]
[Site "Madras IND"]
[Date "1995.04.??"]
[Round "6"]
[White "Koshy, Varugeese"]
[Black "Hakki, Imad"]
[Result "1/2-1/2"]
[WhiteElo "2405"]
[BlackElo "2360"]
[EventDate "1995.04.15"]
[PlyCount "84"]

1.c4 Nf6 2.g3 e5 3.Bg2 c6 4.d4 Bb4+ 5.Bd2 Bxd2+ 6.Qxd2 e4 7.d5 cxd5 8.cxd5
d6 9.Nc3 Bf5 10.Qf4 Bg6 11.Nxe4 Bxe4 12.Bxe4 Qa5+ 13.Kf1 Qb6 14.Nf3 Nbd7 
15.Bf5 Nc5 16.Kg2 O-O 17.Qd4 Rfe8 18.Rhe1 a5 19.Rac1 Qd8 20.Bb1 Nfe4 21.
Nd2 f5 22.Nc4 b5 23.Na3 Qd7 24.Nc2 Re7 25.e3 b4 26.Rf1 Rf8 27.Ne1 g5 28.f3
Nf6 29.Nd3 Nxd3 30.Bxd3 Rfe8 31.Rfe1 Rf7 32.e4 fxe4 33.Bxe4 g4 34.f4 Nxe4 
35.Rxe4 Rxe4 36.Qxe4 Re7 37.Qd3 Qe8 38.Kf2 Qh5 39.Kg1 Qe8 40.Kf2 Qh5 41.
Kg2 Qh3+ 42.Kg1 Qh5 1/2-1/2

[Event "zonal 3.1"]
[Site "Madras IND"]
[Date "1995.04.??"]
[Round "6"]
[White "Mehyo, Abdul Rahim"]
[Black "Eid, Fadi"]
[Result "1-0"]
[WhiteElo "2300"]
[BlackElo "2245"]
[EventDate "1995.04.15"]
[PlyCount "89"]

1.e4 d6 2.d4 Nf6 3.Nc3 g6 4.f4 Bg7 5.Nf3 O-O 6.Bd3 Na6 7.O-O c5 8.d5 Rb8 
9.a4 Nb4 10.Bc4 Nd7 11.a5 b6 12.a6 b5 13.Bxb5 Rb6 14.Qe2 Nb8 15.Bc4 Bxa6 
16.Na4 Bxc4 17.Qxc4 Rb7 18.c3 N4a6 19.f5 Qd7 20.Qd3 Qb5 21.Qd1 Nd7 22.Qe1 
Nf6 23.Bg5 Nb8 24.fxg6 hxg6 25.Qh4 Qc4 26.Nd2 Qe2 27.Rf3 Nh7 28.Rf2 Qa6 
29.Bxe7 Re8 30.Bg5 Nxg5 31.Qxg5 Rxb2 32.Rff1 Rb7 33.Nb2 Qb6 34.Nbc4 Qd8 
35.Qg3 Rd7 36.h4 Be5 37.Nxe5 Rxe5 38.Rf4 Rde7 39.Qf3 Rh5 40.Rf1 Qc7 41.Nc4
Rh7 42.e5 dxe5 43.d6 Qd7 44.dxe7 exf4 45.Re1 1-0

[Event "zonal 3.1"]
[Site "Madras IND"]
[Date "1995.04.??"]
[Round "6"]
[White "Moussa, Othman"]
[Black "Ramesh, Ramachandran"]
[Result "0-1"]
[WhiteElo "2185"]
[BlackElo "2330"]
[EventDate "1995.04.15"]
[PlyCount "70"]

1.d4 Nf6 2.c4 e6 3.g3 d5 4.Bg2 c6 5.Nf3 Nbd7 6.Qc2 Bd6 7.O-O O-O 8.b3 Qe7 
9.Bb2 dxc4 10.bxc4 e5 11.e4 exd4 12.Nxd4 Nc5 13.Re1 Bc7 14.Nc3 Re8 15.Ba3 
Qe5 16.Rad1 Bb6 17.Bb2 Bg4 18.Rd2 Rad8 19.Nb3 Rxd2 20.Nxd2 Qd6 21.Bf1 Nfd7
22.Kg2 Qe6 23.f4 Bh3+ 24.Kh1 Bxf1 25.Rxf1 Nf6 26.e5 Ng4 27.Nd1 Rd8 28.Nb3 
Ne4 29.Bd4 Nxg3+ 30.hxg3 Bxd4 31.Kg2 Bb6 32.Rh1 h6 33.Kf3 f5 34.Rh5 g6 35.
Rh1 c5 0-1

[Event "zonal 3.1"]
[Site "Madras IND"]
[Date "1995.04.??"]
[Round "6"]
[White "Rahman, Ziaur"]
[Black "Tilak, Sharad"]
[Result "1/2-1/2"]
[WhiteElo "2445"]
[BlackElo "2415"]
[EventDate "1995.04.15"]
[PlyCount "154"]

1.c4 g6 2.Nf3 Bg7 3.e4 d6 4.d4 Nf6 5.Nc3 O-O 6.h3 e5 7.d5 a5 8.Bg5 Na6 9.
Be2 Nc5 10.Nd2 c6 11.b3 Bd7 12.a3 cxd5 13.Nxd5 Ne6 14.Bxf6 Bxf6 15.O-O Bg7
16.Nf3 f5 17.Bd3 Nc5 18.Nc3 Bc6 19.Re1 Nxd3 20.Qxd3 fxe4 21.Rxe4 Bxe4 22.
Nxe4 Qd7 23.a4 Qc6 24.Rd1 Rf4 25.Nfd2 Rd8 26.Qd5+ Qxd5 27.cxd5 b5 28.g3 
Rff8 29.axb5 Rb8 30.Nxd6 Rfd8 31.N2c4 Bf8 32.Ne4 Rxb5 33.d6 h6 34.Rd3 Kf7 
35.Kg2 Ke6 36.g4 Rd5 37.Rf3 Bg7 38.h4 Rf8 39.Rc3 Rc8 40.Re3 Rb8 41.h5 g5 
42.Kg3 a4 43.bxa4 Rb4 44.Ncd2 Rxa4 45.Nc3 Rxd2 46.Nxa4 Rxd6 47.Nc5+ Kd5 
48.Ne4 Rc6 49.f3 Bf8 50.Rd3+ Ke6 51.Rd8 Be7 52.Ra8 Rb6 53.Kh3 Kf7 54.Ra5 
Ke6 55.Ra7 Bf8 56.Rh7 Rb1 57.Kg3 Rb2 58.Ra7 Rb6 59.Kh3 Be7 60.Ng3 Rb3 61.
Ra6+ Kf7 62.Nf5 Rxf3+ 63.Kg2 Rf4 64.Nxh6+ Ke8 65.Kg3 e4 66.Nf5 Bb4 67.h6 
Bc3 68.Rc6 Bb2 69.Rb6 Ba1 70.Rb7 Kf8 71.h7 Rf3+ 72.Kg2 Rf4 73.Ne3 Bh8 74.
Nf5 Rxg4+ 75.Kh3 Rf4 76.Rb8+ Kf7 77.Rxh8 Kg6 1/2-1/2

[Event "zonal 3.1"]
[Site "Madras IND"]
[Date "1995.04.??"]
[Round "6"]
[White "Sarsam, Saad Abdullah"]
[Black "Safarzadeh, Esmail"]
[Result "1-0"]
[WhiteElo "2430"]
[BlackElo "2275"]
[EventDate "1995.04.15"]
[PlyCount "81"]

1.d4 Nf6 2.c4 g6 3.Nc3 d5 4.cxd5 Nxd5 5.e4 Nxc3 6.bxc3 Bg7 7.Rb1 c5 8.Nf3 
O-O 9.Be2 cxd4 10.cxd4 Qa5+ 11.Bd2 Qxa2 12.O-O b6 13.Qc1 Qe6 14.Bc4 Qxe4 
15.Bxf7+ Rxf7 16.Qxc8+ Rf8 17.Qc4+ e6 18.Rb5 Qc6 19.Qb3 Rc8 20.Ng5 h6 21.
d5 Qc2 22.Qe3 Qf5 23.Nxe6 Qe5 24.Qh3 Qf5 25.g4 Qf7 26.g5 Nd7 27.gxh6 Bf6 
28.Rb3 Rc2 29.Bc3 Rc8 30.Bxf6 Qxf6 31.Rf3 R2c3 32.Rg3 Ne5 33.Rxc3 Rxc3 34.
f3 Rxf3 35.Rxf3 Nxf3+ 36.Kh1 Qc3 37.Qg4 Qe1+ 38.Kg2 Qd2+ 39.Kxf3 Qxd5+ 40.
Kg3 Qb3+ 41.Kh4 1-0

[Event "zonal 3.1"]
[Site "Madras IND"]
[Date "1995.04.??"]
[Round "7"]
[White "Eid, Fadi"]
[Black "Al-Hadarani, Hatim"]
[Result "1-0"]
[WhiteElo "2245"]
[BlackElo "2370"]
[EventDate "1995.04.15"]
[PlyCount "73"]

1.e4 e6 2.d4 d5 3.Nc3 Bb4 4.Ne2 dxe4 5.a3 Be7 6.Nxe4 Nf6 7.N2c3 O-O 8.h4 
e5 9.d5 Bf5 10.Nxf6+ Bxf6 11.g4 Bc8 12.g5 Be7 13.Bc4 Bf5 14.Be3 a6 15.Qf3 
Bxc2 16.Rc1 e4 17.Nxe4 Bxe4 18.Qxe4 Re8 19.Qd4 Nd7 20.Be2 Bd6 21.g6 fxg6 
22.h5 Be5 23.Qd2 gxh5 24.Bxh5 Rf8 25.Bg4 Nf6 26.Be6+ Kh8 27.Rc4 Re8 28.f4 
Bd6 29.f5 Bg3+ 30.Kf1 b5 31.Rd4 Qd6 32.Qg2 Qe5 33.Qf3 c5 34.dxc6 Rad8 35.
Rd7 Bh2 36.Bd4 Qb8 37.Bxf6 1-0

[Event "zonal 3.1"]
[Site "Madras IND"]
[Date "1995.04.??"]
[Round "7"]
[White "Hakki, Imad"]
[Black "Babu, N. Sudhakar"]
[Result "0-1"]
[WhiteElo "2360"]
[BlackElo "2350"]
[EventDate "1995.04.15"]
[PlyCount "94"]

1.d4 f5 2.Nf3 Nf6 3.g3 g6 4.Bg2 Bg7 5.O-O O-O 6.c4 d6 7.Nc3 c6 8.d5 e5 9.
dxe6 Bxe6 10.Qd3 Na6 11.Ng5 Bc8 12.Bf4 Nh5 13.Bd2 h6 14.Nf3 Be6 15.b3 Nc5 
16.Qc2 a5 17.Rad1 Qe7 18.e3 Nf6 19.Bc1 Rfd8 20.Bb2 Bf7 21.Nd4 Nfe4 22.Nce2
a4 23.Qb1 axb3 24.axb3 Ra7 25.Qc2 Rda8 26.Ra1 Na6 27.Rfb1 Nb4 28.Rxa7 Rxa7
29.Qd1 d5 30.cxd5 Nxd5 31.Ra1 Qc5 32.Rxa7 Qxa7 33.Bxe4 fxe4 34.Qb1 Qa5 35.
Nf4 Nxf4 36.gxf4 Qd2 37.Ba1 Qd3 38.Qc1 h5 39.b4 Qc4 40.Qb2 h4 41.Qa3 h3 
42.Bc3 Kh7 43.Qb2 Bxd4 44.Bxd4 Qd3 45.Qa1 Qe2 46.Bh8 Qg4+ 47.Kf1 Bc4+ 0-1

[Event "zonal 3.1"]
[Site "Madras IND"]
[Date "1995.04.??"]
[Round "7"]
[White "Prasad, Devaki"]
[Black "Koshy, Varugeese"]
[Result "1-0"]
[WhiteElo "2460"]
[BlackElo "2405"]
[EventDate "1995.04.15"]
[PlyCount "75"]

1.e4 c5 2.Nf3 Nc6 3.d4 cxd4 4.Nxd4 Nf6 5.Nc3 e5 6.Ndb5 d6 7.Bg5 a6 8.Na3 
Be6 9.Nc4 Rc8 10.Bxf6 gxf6 11.Ne3 Bh6 12.Bd3 Bxe3 13.fxe3 Qb6 14.Qc1 Na5 
15.O-O Ke7 16.Qe1 Nc4 17.Nd1 h5 18.b3 Na3 19.c4 Qc5 20.Nc3 b5 21.Nd5+ Bxd5
22.cxd5 Qc3 23.Qh4 Rh6 24.Rxf6 Rxf6 25.Rf1 Rf8 26.Qxf6+ Kd7 27.Rd1 Qb2 28.
h4 a5 29.Qf1 Ke7 30.Rc1 Qd2 31.Rc7+ Kd8 32.Qc1 Qxc1+ 33.Rxc1 Kd7 34.Rc6 
Rc8 35.Rxc8 Kxc8 36.g4 Kd7 37.gxh5 Ke7 38.Kg2 1-0

[Event "zonal 3.1"]
[Site "Madras IND"]
[Date "1995.04.??"]
[Round "7"]
[White "Ramesh, Ramachandran"]
[Black "Rahman, Ziaur"]
[Result "1/2-1/2"]
[WhiteElo "2330"]
[BlackElo "2445"]
[EventDate "1995.04.15"]
[PlyCount "102"]

1.e4 c5 2.Nf3 Nc6 3.d4 cxd4 4.Nxd4 e5 5.Nb5 d6 6.N1c3 a6 7.Na3 b5 8.Nd5 
Nf6 9.Bg5 Be7 10.Bxf6 Bxf6 11.c3 Bg5 12.Nc2 Rb8 13.Bd3 O-O 14.O-O a5 15.a3
Be6 16.Nce3 Bxe3 17.Nxe3 Ne7 18.Qe2 Qb6 19.Rfd1 g6 20.Bb1 f5 21.exf5 gxf5 
22.Ba2 Bxa2 23.Rxa2 f4 24.Nd5 Nxd5 25.Qg4+ Kh8 26.Rxd5 Rg8 27.Qf3 Rg6 28.
Ra1 Qc6 29.Rad1 b4 30.axb4 axb4 31.g3 Kg7 32.Qd3 bxc3 33.bxc3 Rb3 34.Rxd6 
Rxd6 35.Qxd6 Qxd6 36.Rxd6 f3 37.h3 Rxc3 38.g4 Rc2 39.Re6 Re2 40.g5 e4 41.
h4 Kf7 42.Rf6+ Kg8 43.h5 Ra2 44.Rf5 Kg7 45.Re5 Re2 46.Re7+ Kf8 47.Rxh7 
Re1+ 48.Kh2 e3 49.Kg3 Rg1+ 50.Kxf3 exf2 51.Kxf2 Rxg5 1/2-1/2

[Event "zonal 3.1"]
[Site "Madras IND"]
[Date "1995.04.??"]
[Round "7"]
[White "Safarzadeh, Esmail"]
[Black "Momeni, Hadi"]
[Result "0-1"]
[WhiteElo "2275"]
[BlackElo "2300"]
[EventDate "1995.04.15"]
[PlyCount "102"]

1.e4 d6 2.d4 Nf6 3.Nc3 g6 4.Bc4 Bg7 5.Qe2 c6 6.Nf3 O-O 7.O-O a5 8.a4 Na6 
9.h3 Nc7 10.d5 Rb8 11.Bg5 Nd7 12.Rad1 b5 13.axb5 cxb5 14.Nxb5 Nxb5 15.Bxb5
Bxb2 16.c4 Bg7 17.Nd4 Bxd4 18.Rxd4 f6 19.Bh6 Rf7 20.Rd3 Nc5 21.Ra3 e5 22.
dxe6 Bxe6 23.Rd1 Qb6 24.Kh2 Ra7 25.f3 Kf7 26.Bf4 Rd8 27.Qe1 Ke7 28.Qh4 h5 
29.e5 dxe5 30.Bxe5 g5 31.Qxh5 Bf5 32.Re3 Ne6 33.Bxf6+ Kxf6 34.Qh6+ Bg6 35.
Rde1 Qd6+ 36.Kh1 Ng7 37.f4 gxf4 38.Qh4+ Kf7 39.Re5 f3 40.Qf2 Rc7 41.Qxf3+ 
Qf6 42.Qa3 Qb6 43.Qf3+ Kg8 44.Qg3 Rf7 45.Ba4 Rd3 46.Qg5 Qf6 47.Rxa5 Rxh3+ 
48.gxh3 Be4+ 49.Rxe4 Qf1+ 50.Kh2 Rf2+ 51.Kg3 Rf3+ 0-1

[Event "zonal 3.1"]
[Site "Madras IND"]
[Date "1995.04.??"]
[Round "7"]
[White "Sarsam, Saad Abdullah"]
[Black "Mehyo, Abdul Rahim"]
[Result "0-1"]
[WhiteElo "2430"]
[BlackElo "2300"]
[EventDate "1995.04.15"]
[PlyCount "84"]

1.d4 Nf6 2.c4 g6 3.Nc3 Bg7 4.g3 O-O 5.Bg2 d6 6.Nf3 Nbd7 7.O-O e5 8.e4 exd4
9.Nxd4 Re8 10.Re1 Nc5 11.h3 c6 12.Rb1 a5 13.b3 h5 14.f3 Nfd7 15.Be3 Ne5 
16.Qd2 a4 17.Red1 axb3 18.axb3 Qe7 19.f4 Ned7 20.Bf2 Nf6 21.Re1 Qf8 22.b4 
Ne6 23.b5 Nxd4 24.Bxd4 c5 25.Bf2 Be6 26.Bf1 Ra3 27.Rbc1 Rea8 28.Kh2 Rb3 
29.Nd1 Raa3 30.Qe2 Qc8 31.Bg2 h4 32.g4 Bxg4 33.hxg4 Nxg4+ 34.Kg1 h3 35.Bf1
Rg3+ 36.Kh1 Rgf3 37.Qd2 Bh6 38.Rc2 Bxf4 39.Qe2 Nxf2+ 40.Nxf2 Bg3 41.Nd1 
Qe6 42.Rd2 Qf6 0-1

[Event "zonal 3.1"]
[Site "Madras IND"]
[Date "1995.04.??"]
[Round "7"]
[White "Tilak, Sharad"]
[Black "Barua, Dibyendu"]
[Result "0-1"]
[WhiteElo "2415"]
[BlackElo "2515"]
[EventDate "1995.04.15"]
[PlyCount "90"]

1.e4 e5 2.Nf3 d6 3.d4 Nd7 4.Bc4 c6 5.Nc3 Be7 6.dxe5 dxe5 7.Ng5 Bxg5 8.Qh5 
Qe7 9.Bxg5 Ngf6 10.Qh4 b5 11.Bb3 Nc5 12.f3 Be6 13.Be3 Nfd7 14.Qf2 O-O 15.
O-O a5 16.Bxe6 Nxe6 17.a4 b4 18.Nb1 c5 19.Nd2 Nb6 20.c3 bxc3 21.bxc3 Qd7 
22.Bxc5 Nxc5 23.Qxc5 Qxd2 24.Qxb6 Qxc3 25.Rfc1 Qd3 26.Rd1 Qc4 27.Rdc1 Qe2 
28.Qf2 Qd3 29.Rd1 Qc4 30.Rdc1 Qe6 31.Rab1 h6 32.h3 Rfd8 33.Rb6 Qe7 34.Rbc6
Rd4 35.Rc7 Qg5 36.h4 Qf4 37.g3 Qf6 38.R1c6 Qd8 39.Rc2 Rxa4 40.Kg2 Rd4 41.
f4 exf4 42.Qxf4 Rd7 43.Rxd7 Qxd7 44.Rc7 Qe6 45.e5 Qd5+ 0-1

[Event "zonal 3.1"]
[Site "Madras IND"]
[Date "1995.04.??"]
[Round "7"]
[White "Wijesuriya, Godigamuwage Luxman"]
[Black "Al-Modiahki, Mohamad"]
[Result "0-1"]
[WhiteElo "2185"]
[BlackElo "2360"]
[EventDate "1995.04.15"]
[PlyCount "76"]

1.d4 Nf6 2.Nf3 g6 3.Bg5 Bg7 4.Nbd2 d5 5.e3 O-O 6.Bd3 Nbd7 7.Qe2 Re8 8.
O-O-O e5 9.dxe5 Nxe5 10.Nxe5 Rxe5 11.f4 Re8 12.e4 Bg4 13.Qxg4 Nxg4 14.Bxd8
Raxd8 15.Rdf1 Bd4 16.Rf3 Nf2 17.Re1 dxe4 18.Nxe4 Kg7 19.Re2 Ng4 20.h3 Ne3 
21.g4 Nd5 22.f5 g5 23.c3 Bf6 24.Ng3 Be5 25.Nh5+ Kf8 26.Be4 Bf4+ 27.Kc2 Re5
28.a3 b5 29.b3 Rde8 30.c4 bxc4 31.bxc4 Ne3+ 32.Rfxe3 Bxe3 33.Bc6 Bc5 34.
Bxe8 Rxe2+ 35.Kd3 Rxe8 36.Nf6 Re3+ 37.Kc2 Be7 38.Nxh7+ Kg7 0-1

[Event "zonal 3.1"]
[Site "Madras IND"]
[Date "1995.04.??"]
[Round "8"]
[White "Al-Hadarani, Hatim"]
[Black "Wijesuriya, Godigamuwage Luxman"]
[Result "1-0"]
[WhiteElo "2370"]
[BlackElo "2185"]
[EventDate "1995.04.15"]
[PlyCount "99"]

1.d4 b5 2.e4 Bb7 3.Nd2 a6 4.a4 b4 5.c4 bxc3 6.bxc3 c5 7.d5 d6 8.Bd3 g6 9.
Qc2 Bg7 10.Ne2 Nf6 11.O-O O-O 12.h3 Nbd7 13.Rb1 Qc7 14.f4 Rfb8 15.c4 Bc8 
16.Nb3 Nf8 17.Bd2 Bd7 18.Ra1 Qc8 19.Kh2 Nh5 20.Ra2 f5 21.exf5 Bxf5 22.Na5 
Bxd3 23.Qxd3 Nf6 24.Nc6 Rb7 25.Ng3 e6 26.Re1 exd5 27.cxd5 Kh8 28.f5 Rc7 
29.Bc3 Rxc6 30.dxc6 Qxc6 31.fxg6 hxg6 32.Rf2 d5 33.Qf3 N8d7 34.Re7 Rf8 35.
Rfe2 Qxa4 36.Qd3 Kh7 37.R2e6 Qc4 38.Qxc4 dxc4 39.Rd6 Kg8 40.Rdxd7 Ng4+ 41.
hxg4 Bxc3 42.Ne4 Ba1 43.Re6 Rf4 44.Rxa6 Be5 45.g3 Rf3 46.g5 Rf7 47.Rxg6+ 
Kf8 48.Rxf7+ Kxf7 49.Rc6 Bd4 50.Nxc5 1-0

[Event "zonal 3.1"]
[Site "Madras IND"]
[Date "1995.04.??"]
[Round "8"]
[White "Al-Modiahki, Mohamad"]
[Black "Moussa, Othman"]
[Result "1-0"]
[WhiteElo "2360"]
[BlackElo "2185"]
[EventDate "1995.04.15"]
[PlyCount "63"]

1.e4 d6 2.d4 g6 3.Nc3 Bg7 4.Nge2 Nf6 5.g3 O-O 6.Bg2 e5 7.h3 Nc6 8.Be3 exd4
9.Nxd4 Bd7 10.O-O Re8 11.Re1 a6 12.Kh2 Re5 13.g4 Nxg4+ 14.hxg4 Qh4+ 15.Kg1
Bxg4 16.Nf3 Qh5 17.Bf4 Re6 18.Nd5 g5 19.Bg3 Nd4 20.Nxd4 Bxd1 21.Raxd1 Bxd4
22.Rxd4 Rc8 23.e5 dxe5 24.Rxe5 Qg6 25.Ne7+ Rxe7 26.Rxe7 h5 27.Rdd7 h4 28.
Bd5 Qxc2 29.Bxf7+ Kf8 30.Be5 Qb1+ 31.Kh2 Rd8 32.Bh5 1-0

[Event "zonal 3.1"]
[Site "Madras IND"]
[Date "1995.04.??"]
[Round "8"]
[White "Babu, N. Sudhakar"]
[Black "Koshy, Varugeese"]
[Result "1-0"]
[WhiteElo "2350"]
[BlackElo "2405"]
[EventDate "1995.04.15"]
[PlyCount "77"]

1.d4 g6 2.c4 Bg7 3.Nc3 d6 4.e4 e5 5.Nge2 Nd7 6.d5 Bh6 7.Bxh6 Nxh6 8.Qd2 
Ng8 9.O-O-O h6 10.h4 h5 11.Ng3 Nh6 12.Be2 Nf6 13.Kb1 Bd7 14.f3 Kf8 15.Nf1 
Qe7 16.Ne3 Rd8 17.Rdg1 c5 18.g4 Nhg8 19.Qe1 Rb8 20.g5 Ne8 21.Qg3 a6 22.Rh2
b5 23.Rf2 Nc7 24.Rgf1 Be8 25.f4 exf4 26.Qxf4 Rh7 27.Bd3 Bd7 28.Nf5 gxf5 
29.exf5 Qe5 30.Qxe5 dxe5 31.f6 Rh8 32.Re1 bxc4 33.Bxc4 Nb5 34.Bxb5 axb5 
35.Rxe5 Re8 36.Rxe8+ Kxe8 37.Ne4 c4 38.Nd6+ Kf8 39.Re2 1-0

[Event "zonal 3.1"]
[Site "Madras IND"]
[Date "1995.04.??"]
[Round "8"]
[White "Barua, Dibyendu"]
[Black "Rahman, Ziaur"]
[Result "1-0"]
[WhiteElo "2515"]
[BlackElo "2445"]
[EventDate "1995.04.15"]
[PlyCount "98"]

1.e4 c5 2.Nf3 Nc6 3.d4 cxd4 4.Nxd4 e5 5.Nb5 d6 6.c4 Be7 7.Be2 Be6 8.Be3 
Nf6 9.N1c3 a6 10.Na3 O-O 11.O-O h6 12.Nc2 Rc8 13.f3 Nh5 14.Nd5 Bg5 15.Bb6 
Qd7 16.Bf2 Bxd5 17.cxd5 Ne7 18.g3 g6 19.Ne3 Bxe3 20.Bxe3 Kh7 21.Qd2 Ng8 
22.Rac1 Ng7 23.b3 f5 24.Rxc8 Rxc8 25.Rc1 Nf6 26.Rxc8 Qxc8 27.Qd3 fxe4 28.
fxe4 Qh3 29.Bf1 Qg4 30.Bg2 h5 31.Ba7 Qd7 32.Qf1 Qe7 33.h3 h4 34.g4 Nd7 35.
Be3 g5 36.Qc1 Kh6 37.Qc7 b5 38.b4 Ne8 39.Qb7 Qf7 40.Qxa6 Nf8 41.Qxb5 Ng6 
42.Qb8 Nf4 43.Qc8 Ng7 44.Qd8 Ne8 45.Kh2 Qg6 46.Bh1 Nf6 47.b5 Kh7 48.Qc7+ 
Kh6 49.Qc8 N6xd5 1-0

[Event "zonal 3.1"]
[Site "Madras IND"]
[Date "1995.04.??"]
[Round "8"]
[White "Hakki, Imad"]
[Black "Sarsam, Saad Abdullah"]
[Result "1-0"]
[WhiteElo "2360"]
[BlackElo "2430"]
[EventDate "1995.04.15"]
[PlyCount "71"]

1.e4 e5 2.Nf3 Nc6 3.Bb5 a6 4.Ba4 d6 5.Bxc6+ bxc6 6.d4 Bg4 7.Nc3 Qf6 8.Be3 
Ne7 9.h3 Bxf3 10.Qxf3 Qxf3 11.gxf3 Ng6 12.O-O-O O-O-O 13.Ne2 exd4 14.Bxd4 
c5 15.Bc3 Rg8 16.Rhg1 Ne7 17.Nf4 g6 18.Bf6 Bh6 19.Bg5 Bxg5 20.Rxg5 f5 21.
h4 fxe4 22.fxe4 Rdf8 23.Nh3 Nc6 24.f4 Nd4 25.Rf1 Re8 26.c3 Ne2+ 27.Kd2 
Rxe4 28.Rf2 Rge8 29.Rgg2 Nxc3 30.bxc3 Ra4 31.Kd3 c4+ 32.Kd4 c5+ 33.Kd5 Kd7
34.Rb2 Re3 35.Rb7+ Kd8 36.Ng5 1-0

[Event "zonal 3.1"]
[Site "Madras IND"]
[Date "1995.04.??"]
[Round "8"]
[White "Mehyo, Abdul Rahim"]
[Black "Bin Sattar, Reefat"]
[Result "1-0"]
[WhiteElo "2300"]
[BlackElo "2430"]
[EventDate "1995.04.15"]
[PlyCount "107"]

1.e4 c5 2.Nf3 Nc6 3.d4 cxd4 4.Nxd4 Nf6 5.Nc3 e5 6.Ndb5 d6 7.Bg5 a6 8.Na3 
b5 9.Nd5 Be7 10.Bxf6 Bxf6 11.c3 Bg5 12.Nc2 Rb8 13.Bd3 O-O 14.O-O a5 15.a3 
Be6 16.Nce3 Bxe3 17.Nxe3 Ne7 18.Qe2 Qb6 19.Kh1 Qb7 20.Rad1 Rfd8 21.f4 exf4
22.Rxf4 Ng6 23.Rf2 Re8 24.Bc2 Rbd8 25.Rd4 Qb6 26.Qd1 Ne5 27.Rfd2 Nc6 28.
Nd5 Qa7 29.R4d3 Ne5 30.Rg3 Bxd5 31.Rxd5 Qf2 32.Rd2 Qc5 33.Rd5 Qf2 34.Rd2 
Qf6 35.Kg1 Qe7 36.Bb3 Nc4 37.Bxc4 bxc4 38.Rd4 Qb7 39.Qg4 g6 40.h4 Qxb2 41.
Rxc4 Qxa3 42.Kh2 Qb3 43.Rd4 a4 44.Rb4 Qc2 45.Qf4 Re5 46.Rf3 Rf8 47.Rb8 Qa2
48.Rb4 Ra8 49.c4 Rf8 50.Rf2 Qa3 51.Rb7 Rh5 52.Qf6 g5 53.g3 gxh4 54.gxh4 
1-0

[Event "zonal 3.1"]
[Site "Madras IND"]
[Date "1995.04.??"]
[Round "8"]
[White "Momeni, Hadi"]
[Black "Al-Sayed, Mohamad Naser"]
[Result "1-0"]
[WhiteElo "2000"]
[BlackElo "2000"]
[EventDate "1995.04.15"]
[PlyCount "83"]

1.e4 c5 2.Nf3 Nc6 3.d4 cxd4 4.Nxd4 Nf6 5.Nc3 e5 6.Ndb5 d6 7.Bg5 a6 8.Na3 
b5 9.Nd5 Be7 10.Bxf6 Bxf6 11.c3 Bg5 12.Nc2 Bb7 13.a4 bxa4 14.Rxa4 O-O 15.
Bc4 Nb8 16.O-O Nd7 17.b4 Nb6 18.Nxb6 Qxb6 19.Bd5 Bxd5 20.Qxd5 Rac8 21.c4 
Rc6 22.g3 Rfc8 23.Na3 Qd8 24.b5 axb5 25.Nxb5 Rc5 26.Qd3 h5 27.Rd1 Be7 28.
h4 Qd7 29.Nc3 Qg4 30.Kh2 Rb8 31.Rb1 Rxb1 32.Nxb1 Rc7 33.f3 Qe6 34.Nc3 Rb7 
35.Ra8+ Kh7 36.Nb5 Qf6 37.Kg2 Rd7 38.c5 Qe6 39.c6 Rd8 40.Rxd8 Bxd8 41.c7 
Be7 42.Qc2 1-0